000 00415nam a2200181Ia 4500
001 25321
005 20260414151142.0
008 260414t2008||||xx |||||||||||||| ||spa||
041 _aESP
082 _a346.46
_bO693
100 _aOwen, Lynette
_eAUT
245 0 _aComprar y vender derechos
_b
260 _c2008
300 _a443páginas :
_c\N
650 _aDER
654 _aCDE
942 _cLIB
_dJUS
_fJUS
_2ddc
_n
999 _c25321
_d25321